[Event "Harburg-chC 6th"]
[Site "Hamburg"]
[Date "2008.07.20"]
[Round "5"]
[White "Homm, Marc Michael"]
[Black "Marx, Joschka"]
[Result "0-1"]
[WhiteElo "1999"]
[BlackElo "1958"]
[PlyCount "80"]
[EventDate "2008.07.18"]
[EventType "tourn"]
[EventRounds "5"]
[EventCountry "GER"]
[SourceTitle "EXT 2009"]
[Source "ChessBase"]
[SourceDate "2008.11.26"]
[SourceVersion "1"]
[SourceVersionDate "2008.11.26"]
[SourceQuality "1"]

1. e4 c5 2. Nf3 e6 3. d4 cxd4 4. Nxd4 a6 5. Be3 Qc7 6. Be2 Nf6 7. Nd2 b5 8. 0-0 Bb7 9. f3 d5 10. exd5 Nxd5 11. Bf2 Bd6 12. h3 Nc6 13. Nxc6 Bxc6 14. Ne4 Be5 15. c3 0-0 16. Rc1 Bf4 17. Ra1 Ne3 18. Bxe3 Bxe3+ 19. Kh1 Bxe4 20. fxe4 Rad8 21. Qe1 Ba7 22. g3 Qe5 23. Bf3 Rd3 24. Rd1 Rxd1 25. Bxd1 Rd8 26. h4 Rd3 27. Rf3 Qd6 28. Rxd3 Qxd3 29. Kg2 Be3 30. Bf3 Qc2+ 31. Qe2 Qc1 32. Kh3 g6 33. g4 Kg7 34. Bg2 Bf4 35. Qf2 e5 36. a3 Qd1 37. Bf3 Qc1 38. Bg2 Bd2 39. g5 Bf4 40. Qb6 Qd2 0-1

[Event "Harburg-chC 6th"]
[Site "Hamburg"]
[Date "2008.07.19"]
[Round "3"]
[White "Homm, Marc Michael"]
[Black "Koop, Soeren"]
[Result "0-1"]
[WhiteElo "1999"]
[BlackElo "1897"]
[PlyCount "84"]
[EventDate "2008.07.18"]
[EventType "tourn"]
[EventRounds "5"]
[EventCountry "GER"]
[SourceTitle "EXT 2009"]
[Source "ChessBase"]
[SourceDate "2008.11.26"]
[SourceVersion "1"]
[SourceVersionDate "2008.11.26"]
[SourceQuality "1"]

1. e4 e5 2. Nf3 Nc6 3. d4 exd4 4. Nxd4 Bc5 5. Nb3 Bb6 6. Nc3 d6 7. Nd5 Nf6 8. Nxb6 axb6 9. f3 0-0 10. Be2 h6 11. c4 Nh5 12. 0-0 g5 13. g4 Ng7 14. h4 Ne6 15. hxg5 hxg5 16. Be3 Kg7 17. Qd2 Qf6 18. Kg2 Rh8 19. a3 Bd7 20. Rh1 Rxh1 21. Rxh1 Rh8 22. Rxh8 Kxh8 23. Nc1 Kh7 24. Nd3 Ncd4 25. b4 Nxe2 26. Qxe2 Qc3 27. Qd2 Qxc4 28. Ne5 dxe5 29. Qxd7 Qe2+ 30. Bf2 Kg6 31. Kg3 Qf1 32. Be3 Qh1 33. Kf2 Qh2+ 34. Ke1 Qg2 35. Qd1 Qh1+ 36. Kd2 Qxd1+ 37. Kxd1 Nd4 38. Bxd4 exd4 39. e5 c5 40. bxc5 bxc5 41. a4 c4 42. Kd2 Kg7 0-1

[Event "Harburg-chC 6th"]
[Site "Hamburg"]
[Date "2008.07.19"]
[Round "2"]
[White "Magnussen, Helge"]
[Black "Homm, Marc Michael"]
[Result "1/2-1/2"]
[WhiteElo "2012"]
[BlackElo "1999"]
[PlyCount "45"]
[EventDate "2008.07.18"]
[EventType "tourn"]
[EventRounds "5"]
[EventCountry "GER"]
[SourceTitle "EXT 2009"]
[Source "ChessBase"]
[SourceDate "2008.11.26"]
[SourceVersion "1"]
[SourceVersionDate "2008.11.26"]
[SourceQuality "1"]

1. d4 Nf6 2. c4 g6 3. Nc3 d5 4. cxd5 Nxd5 5. e4 Nxc3 6. bxc3 Bg7 7. Bc4 0-0 8. Ne2 c5 9. 0-0 cxd4 10. cxd4 Nc6 11. Be3 Bg4 12. f3 Na5 13. Bd3 Be6 14. d5 Bxa1 15. Qxa1 f6 16. Qd4 Bd7 17. e5 e6 18. Nf4 fxe5 19. Qxe5 Qf6 20. Qc7 Qd8 21. Qe5 Qf6 22. Qc7 Qd8 23. Qe5 1/2-1/2

[Event "Pinneberg-ch"]
[Site "Pinneberg"]
[Date "2006.08.22"]
[Round "1.21"]
[White "Homm, Marc Michael"]
[Black "Huljus, Reinhard"]
[Result "1/2-1/2"]
[WhiteElo "2018"]
[BlackElo "1627"]
[PlyCount "56"]
[EventDate "2006.08.22"]
[EventType "swiss"]
[EventRounds "7"]
[EventCountry "GER"]
[SourceTitle "EXT 2007"]
[Source "ChessBase"]
[SourceDate "2006.11.23"]
[SourceVersion "1"]
[SourceVersionDate "2006.11.23"]
[SourceQuality "1"]

1. d4 Nf6 2. Bg5 g6 3. Bxf6 exf6 4. e3 d5 5. Nf3 Bg7 6. c4 0-0 7. Nc3 Be6 8. Qb3 dxc4 9. Qxb7 Nd7 10. d5 Rb8 11. Qxa7 Bg4 12. Bxc4 Bxf3 13. gxf3 f5 14. Bb3 Ne5 15. Ke2 Qh4 16. Qa4 Qh3 17. Qf4 g5 18. Qg3 Qh6 19. Kf1 f4 20. exf4 gxf4 21. Qg1 Qa6+ 22. Kg2 Rb6 23. Ne4 Rg6+ 24. Ng3 fxg3 25. fxg3 Nd3 26. Qe3 Bh6 27. Qe4 Nf4+ 28. Kf2 Nh3+ 1/2-1/2

[Event "Hamburg Junge op"]
[Site "Hamburg"]
[Date "2005.10.03"]
[Round "3"]
[White "Homm, Marc Michael"]
[Black "Stoll, Robert"]
[Result "1-0"]
[WhiteElo "2043"]
[BlackElo "1781"]
[PlyCount "125"]
[EventDate "2005.10.01"]
[EventType "swiss"]
[EventRounds "9"]
[EventCountry "GER"]
[SourceTitle "CBM 108 Extra"]
[Source "ChessBase"]
[SourceDate "2005.11.04"]
[SourceVersion "1"]
[SourceVersionDate "2005.11.04"]
[SourceQuality "1"]

1. d4 Nf6 2. Bg5 d5 3. Bxf6 exf6 4. e3 Bd6 5. c4 dxc4 6. Bxc4 c6 7. Nc3 Nd7 8. Qc2 0-0 9. Nf3 f5 10. 0-0 Nf6 11. Rfe1 Nd5 12. Bxd5 cxd5 13. Qb3 Be6 14. Qxb7 g5 15. Rad1 f6 16. g3 Rf7 17. Qa6 h5 18. h4 Rg7 19. Rc1 Rb8 20. Na4 Bc8 21. Qc6 Bb7 22. Qc2 Bc8 23. Re2 Ba6 24. Ree1 Bc8 25. hxg5 fxg5 26. Qc6 Bb7 27. Qb5 h4 28. gxh4 gxh4+ 29. Kh1 Ba8 30. Qe2 Rbb7 31. Rg1 h3 32. Rxg7+ Rxg7 33. Rg1 Qe7 34. Qf1 h2 35. Rxg7+ Qxg7 36. Qg2 Qg4 37. Qxg4+ fxg4 38. Nxh2 g3 39. fxg3 Bxg3 40. Kg2 Bd6 41. Nc3 Bc6 42. Ng4 Kg7 43. Kf3 Kg6 44. Nf2 Kf5 45. Nd3 a6 46. Nf4 Bxf4 47. exf4 Bb7 48. b4 Bc6 49. Nd1 Kf6 50. Ne3 Bb7 51. Kg4 Bc6 52. f5 Bb7 53. Kf4 Bc6 54. Ng4+ Ke7 55. Ke5 Bb7 56. Ne3 Kf7 57. Nxd5 Bc6 58. Nc7 Bb7 59. f6 Bc8 60. d5 Bb7 61. d6 Bc8 62. Nxa6 Bd7 63. Nc5 1-0

[Event "Hamburg Junge op"]
[Site "Hamburg"]
[Date "2005.10.01"]
[Round "1"]
[White "Homm, Marc Michael"]
[Black "Heinemann, Thies"]
[Result "0-1"]
[WhiteElo "2043"]
[BlackElo "2441"]
[PlyCount "50"]
[EventDate "2005.10.01"]
[EventType "swiss"]
[EventRounds "9"]
[EventCountry "GER"]
[SourceTitle "CBM 108 Extra"]
[Source "ChessBase"]
[SourceDate "2005.11.04"]
[SourceVersion "1"]
[SourceVersionDate "2005.11.04"]
[SourceQuality "1"]

1. f4 d5 2. Nf3 g6 3. e3 Bg7 4. d4 Nf6 5. c4 c6 6. Nc3 0-0 7. Bd3 Nbd7 8. cxd5 cxd5 9. 0-0 Nb6 10. a4 Bf5 11. Bxf5 gxf5 12. b3 Rc8 13. Bd2 Ne4 14. Rc1 e6 15. Ne5 f6 16. Nd3 Rf7 17. Nxe4 dxe4 18. Nc5 Qe8 19. b4 Nd5 20. Qb3 Rfc7 21. Rb1 Bf8 22. Rfc1 b6 23. Na6 Rxc1+ 24. Bxc1 Rc3 25. Qa2 Qc8 0-1

[Event "Pinneberg-ch"]
[Site "Pinneberg"]
[Date "2005.09.22"]
[Round "7"]
[White "Homm, Marc Michael"]
[Black "Klewin, Oliver"]
[Result "1-0"]
[WhiteElo "2055"]
[BlackElo "1768"]
[PlyCount "62"]
[EventDate "2005.08.11"]
[EventType "swiss"]
[EventRounds "7"]
[EventCountry "GER"]
[SourceTitle "EXT 2006"]
[Source "ChessBase"]
[SourceDate "2005.11.24"]
[SourceVersion "1"]
[SourceVersionDate "2005.11.24"]
[SourceQuality "1"]

1. f4 d6 2. e4 e5 3. Nf3 exf4 4. d4 Nf6 5. Nc3 Bg4 6. Bxf4 Nbd7 7. Bc4 Nb6 8. Bb3 Be7 9. h3 Bh5 10. g4 Bg6 11. Qe2 Qd7 12. 0-0-0 Qc6 13. e5 Ne4 14. exd6 cxd6 15. Rhe1 d5 16. Nxe4 Bxe4 17. Nd2 0-0 18. Nxe4 dxe4 19. d5 Qf6 20. Qxe4 Rfe8 21. d6 Bxd6 22. Qxe8+ Rxe8 23. Rxe8+ Bf8 24. Bd6 h6 25. Rxf8+ Kh7 26. Bxf7 Qg5+ 27. Kb1 Qb5 28. h4 Na4 29. Bb3 Qe2 30. Rdf1 Nb6 31. c3 a5 1-0

[Event "Hamburg League qual"]
[Site "Hamburg"]
[Date "2005.09.04"]
[Round "7"]
[White "Lochmann, Viktor"]
[Black "Homm, Marc Michael"]
[Result "1-0"]
[WhiteElo "1773"]
[BlackElo "2055"]
[PlyCount "73"]
[EventDate "2005.08.14"]
[EventType "swiss"]
[EventRounds "7"]
[EventCountry "GER"]
[SourceTitle "EXT 2006"]
[Source "ChessBase"]
[SourceDate "2005.11.24"]
[SourceVersion "1"]
[SourceVersionDate "2005.11.24"]
[SourceQuality "1"]

1. e4 c5 2. Nc3 Nc6 3. f4 e6 4. Nf3 d5 5. d3 d4 6. Ne2 g6 7. g3 Bg7 8. Bg2 Nf6 9. c4 dxc3 10. bxc3 0-0 11. 0-0 b6 12. Qc2 Bb7 13. Rd1 Rc8 14. Rb1 Rc7 15. h3 Rd7 16. Be3 Na5 17. Ne5 Rc7 18. g4 Qa8 19. Ng3 Rd8 20. Kh2 Nd7 21. Nf3 h6 22. f5 exf5 23. gxf5 g5 24. Nh5 f6 25. Nxg7 Kxg7 26. Rh1 c4 27. Nd4 Nc5 28. Qe2 Kh7 29. Qh5 Rg7 30. h4 Qb8+ 31. Kg1 Kg8 32. hxg5 hxg5 33. Ne6 Nxe6 34. fxe6 Kf8 35. Qh8+ Ke7 36. Qxg7+ Kd6 37. Qxf6 1-0

[Event "Pinneberg-ch"]
[Site "Pinneberg"]
[Date "2005.09.01"]
[Round "4"]
[White "Homm, Marc Michael"]
[Black "Krueger, Ingo"]
[Result "1/2-1/2"]
[WhiteElo "2055"]
[BlackElo "1769"]
[PlyCount "90"]
[EventDate "2005.08.11"]
[EventType "swiss"]
[EventRounds "7"]
[EventCountry "GER"]
[SourceTitle "EXT 2006"]
[Source "ChessBase"]
[SourceDate "2005.11.24"]
[SourceVersion "1"]
[SourceVersionDate "2005.11.24"]
[SourceQuality "1"]

1. d4 Nf6 2. c4 d6 3. Nc3 Nbd7 4. e4 e5 5. d5 Be7 6. Bd3 0-0 7. f4 exf4 8. Bxf4 Re8 9. Nf3 Bf8 10. 0-0 Ne5 11. Nxe5 dxe5 12. Bg5 Be7 13. Bxf6 Bxf6 14. Qf3 Rf8 15. b4 Qe7 16. c5 Bg5 17. Nb5 Bd2 18. d6 cxd6 19. cxd6 Qg5 20. Bc4 Be3+ 21. Kh1 Bg4 22. Bxf7+ Kh8 23. Qg3 Bf4 24. h4 Bxg3 25. hxg5 Be2 26. Nc7 Bxf1 27. Rxf1 Rac8 28. Rf3 Bf4 29. Be6 Rcd8 30. d7 Bxg5 31. Rxf8+ Rxf8 32. Bd5 Rb8 33. Ne6 Be7 34. b5 h5 35. a4 b6 36. Kh2 Kh7 37. Kh3 Rh8 38. Bc6 g5 39. Nc7 Kg6 40. Nd5 Bd8 41. Kh2 g4 42. Ne3 Kg5 43. Nc4 Bc7 44. Ne3 h4 45. Nf5 Kf6 1/2-1/2

[Event "Pinneberg-ch"]
[Site "Pinneberg"]
[Date "2005.08.25"]
[Round "3"]
[White "Schmidt, Karl Heinz"]
[Black "Homm, Marc Michael"]
[Result "1/2-1/2"]
[WhiteElo "1743"]
[BlackElo "2055"]
[PlyCount "82"]
[EventDate "2005.08.11"]
[EventType "swiss"]
[EventRounds "7"]
[EventCountry "GER"]
[SourceTitle "EXT 2006"]
[Source "ChessBase"]
[SourceDate "2005.11.24"]
[SourceVersion "1"]
[SourceVersionDate "2005.11.24"]
[SourceQuality "1"]

1. e4 c5 2. c3 d5 3. exd5 Qxd5 4. d4 Nc6 5. Nf3 e5 6. dxe5 Qxd1+ 7. Kxd1 Bg4 8. Bf4 0-0-0+ 9. Nbd2 h6 10. Kc1 g5 11. Bg3 Bg7 12. Bc4 Be6 13. Bxe6+ fxe6 14. Nc4 Kc7 15. Nd6 Rf8 16. Re1 Nge7 17. h3 Ng6 18. Kc2 Nf4 19. Bxf4 Rxf4 20. Re4 Rxe4 21. Nxe4 b6 22. Re1 Rf8 23. Ng3 Rd8 24. Nh5 Bh8 25. Nf6 Rf8 26. Ng4 h5 27. Ne3 Nxe5 28. Nxg5 Rxf2+ 29. Kb3 Kd7 30. Ne4 Rf4 31. Nd2 b5 32. Re2 a5 33. g3 Rf8 34. a4 b4 35. Nec4 Nc6 36. Ne4 Rf5 37. Re3 bxc3 38. bxc3 Bg7 39. Rd3+ Kc7 40. g4 hxg4 41. hxg4 Rf4 1/2-1/2

[Event "Harburg-chD 3rd"]
[Site "Hamburg"]
[Date "2005.06.25"]
[Round "1"]
[White "Simon, Christopher"]
[Black "Homm, Marc Michael"]
[Result "0-1"]
[WhiteElo "1938"]
[BlackElo "1971"]
[PlyCount "114"]
[EventDate "2005.06.??"]
[EventType "tourn"]
[EventRounds "5"]
[EventCountry "GER"]
[SourceTitle "EXT 2006"]
[Source "ChessBase"]
[SourceDate "2005.11.24"]
[SourceVersion "1"]
[SourceVersionDate "2005.11.24"]
[SourceQuality "1"]

1. e4 c5 2. c3 d6 3. d4 Nf6 4. Bd3 Nc6 5. Ne2 e5 6. dxc5 dxc5 7. 0-0 Be7 8. Ng3 0-0 9. Qc2 Be6 10. Rd1 Qb6 11. Nd2 Rad8 12. Nc4 Qc7 13. Ne3 Rd7 14. Nef5 Rfd8 15. Bg5 Kf8 16. Qe2 c4 17. Bc2 Rxd1+ 18. Rxd1 g6 19. Nxe7 Qxe7 20. h4 Kg7 21. Rxd8 Qxd8 22. Qf3 h6 23. Bxf6+ Qxf6 24. Qxf6+ Kxf6 25. Kf1 b5 26. Ke2 a5 27. a3 Nd8 28. Ke3 Bd7 29. Ne2 Ke7 30. g3 Ne6 31. f4 f6 32. fxe5 fxe5 33. Ng1 Nc5 34. Nf3 Kd6 35. Nd2 Bg4 36. a4 Bd7 37. axb5 Bxb5 38. Bd1 Nd3 39. b3 Nb2 40. Bc2 cxb3 41. Bxb3 a4 42. Ba2 Nd1+ 43. Kf3 Nxc3 44. Bf7 a3 45. Bxg6 a2 46. Nb3 Ba4 47. Na1 Kc5 48. g4 Bd1+ 49. Kg3 Kd4 50. g5 hxg5 51. h5 Ne2+ 52. Kg4 Nf4+ 53. Kxg5 Bxh5 54. Bh7 Bf7 55. Kf6 Bc4 56. Bf5 Nd3 57. Ke7 Kc3 0-1

[Event "Hamburg League qual"]
[Site "Hamburg"]
[Date "2004.10.23"]
[Round "5"]
[White "Homm, Marc Michael"]
[Black "Kyeck, Christopher"]
[Result "1-0"]
[WhiteElo "1889"]
[BlackElo "2017"]
[PlyCount "59"]
[EventDate "2004.10.09"]
[EventType "swiss"]
[EventRounds "7"]
[EventCountry "GER"]
[SourceTitle "EXT 2006"]
[Source "ChessBase"]
[SourceDate "2005.11.24"]
[SourceVersion "1"]
[SourceVersionDate "2005.11.24"]
[SourceQuality "1"]

1. f4 e5 2. fxe5 d6 3. exd6 Bxd6 4. Nf3 Nf6 5. g3 h5 6. d4 h4 7. gxh4 Nc6 8. Bg5 Bf5 9. Nbd2 Qe7 10. c3 0-0-0 11. Qa4 Kb8 12. 0-0-0 Rde8 13. e4 Bxe4 14. Re1 Qe6 15. Bc4 Qf5 16. Bxf6 Qxf6 17. Nxe4 Qxf3 18. Nxd6 cxd6 19. Rxe8+ Rxe8 20. Rf1 Qe3+ 21. Kc2 d5 22. Bb5 Re7 23. Kb3 Qd2 24. Bxc6 bxc6 25. Qxc6 Rb7+ 26. Ka4 Rxb2 27. Qe8+ Kb7 28. Rxf7+ Ka6 29. Qc8+ Kb6 30. Rb7+ 1-0

[Event "Hamburg League qual"]
[Site "Hamburg"]
[Date "2004.10.17"]
[Round "4"]
[White "Ewaldt, Michael"]
[Black "Homm, Marc Michael"]
[Result "1-0"]
[WhiteElo "2099"]
[BlackElo "1889"]
[PlyCount "67"]
[EventDate "2004.10.09"]
[EventType "swiss"]
[EventRounds "7"]
[EventCountry "GER"]
[SourceTitle "EXT 2006"]
[Source "ChessBase"]
[SourceDate "2005.11.24"]
[SourceVersion "1"]
[SourceVersionDate "2005.11.24"]
[SourceQuality "1"]

1. e4 c5 2. Nf3 Nc6 3. d4 cxd4 4. Nxd4 Nf6 5. Nc3 e5 6. Ndb5 d6 7. Bg5 a6 8. Na3 b5 9. Nd5 Be6 10. c3 Be7 11. Bxf6 Bxf6 12. Nc2 Bg5 13. a4 Rb8 14. axb5 axb5 15. Ra6 Ne7 16. Rxd6 Qc8 17. Ncb4 0-0 18. h4 Bf6 19. Nxf6+ gxf6 20. Be2 f5 21. Qd2 f4 22. g3 fxg3 23. fxg3 Kh8 24. Qg5 f6 25. Qe3 Ra8 26. 0-0 f5 27. exf5 Nxf5 28. Qxe5+ Ng7 29. Rxf8+ Qxf8 30. Rxe6 Ra1+ 31. Kg2 Re1 32. h5 Qd8 33. Re7 Qa8+ 34. Kf2 1-0

[Event "Hamburg League qual"]
[Site "Hamburg"]
[Date "2004.10.16"]
[Round "3"]
[White "Homm, Marc Michael"]
[Black "Vilenica, Petar"]
[Result "1-0"]
[WhiteElo "1889"]
[BlackElo "1824"]
[PlyCount "105"]
[EventDate "2004.10.09"]
[EventType "swiss"]
[EventRounds "7"]
[EventCountry "GER"]
[SourceTitle "EXT 2006"]
[Source "ChessBase"]
[SourceDate "2005.11.24"]
[SourceVersion "1"]
[SourceVersionDate "2005.11.24"]
[SourceQuality "1"]

1. f4 e5 2. fxe5 d6 3. exd6 Bxd6 4. Nf3 Bg4 5. g3 Nf6 6. d4 Nh5 7. Qd3 0-0 8. Bg2 Nc6 9. c3 h6 10. Nbd2 f5 11. Nc4 f4 12. Nxd6 Qxd6 13. gxf4 Nxf4 14. Bxf4 Qxf4 15. 0-0 Bf5 16. Qd2 Qg4 17. h3 Qh5 18. Kh2 Rae8 19. Ng1 g5 20. Bd5+ Kg7 21. e4 Bd7 22. e5 Nd8 23. Qg2 c6 24. Bf3 Qg6 25. Be4 Qh5 26. Bc2 Be6 27. Qe4 Bg8 28. Ne2 Rxf1 29. Rxf1 Re6 30. Ng3 Qe8 31. Nf5+ Kh8 32. Ne3 Re7 33. Rf6 Re6 34. Ng4 Rxf6 35. Nxf6 Qe7 36. Nxg8 Kxg8 37. Qg6+ Qg7 38. Bb3+ Kf8 39. Qd6+ Ke8 40. Bc2 Qe7 41. Qxh6 Kd7 42. Bf5+ Kc7 43. Qh7 Qf7 44. Qxf7+ Nxf7 45. Kg3 b5 46. Kg4 a5 47. Be6 Nd8 48. d5 Kb6 49. Kxg5 Kc5 50. h4 cxd5 51. Bg8 b4 52. cxb4+ axb4 53. h5 1-0

[Event "Hamburg League qual"]
[Site "Hamburg"]
[Date "2004.10.09"]
[Round "1"]
[White "Homm, Marc Michael"]
[Black "Maahs, Erich"]
[Result "1/2-1/2"]
[WhiteElo "1889"]
[BlackElo "2155"]
[PlyCount "155"]
[EventDate "2004.10.09"]
[EventType "swiss"]
[EventRounds "7"]
[EventCountry "GER"]
[SourceTitle "EXT 2006"]
[Source "ChessBase"]
[SourceDate "2005.11.24"]
[SourceVersion "1"]
[SourceVersionDate "2005.11.24"]
[SourceQuality "1"]

1. f4 d5 2. Nf3 Nc6 3. e3 Bg4 4. Bb5 Qd6 5. b3 Nh6 6. Ba3 Qf6 7. Nc3 0-0-0 8. d4 Nf5 9. Qd2 Bxf3 10. gxf3 Ncxd4 11. exd4 Nxd4 12. 0-0 Nxb5 13. Nxb5 Qa6 14. Qb4 c6 15. Nxa7+ Qxa7+ 16. Qc5 Qxc5+ 17. Bxc5 e6 18. Bxf8 Rhxf8 19. a4 c5 20. Rfe1 g6 21. Re5 Rd6 22. Kf2 Kc7 23. h4 h5 24. Rg1 Kc6 25. Ke2 Ra8 26. Kd2 b5 27. axb5+ Kxb5 28. Ree1 Kb4 29. f5 gxf5 30. Rg7 Ra7 31. Rg8 Rb6 32. Rh8 Ra2 33. Rxh5 c4 34. bxc4 dxc4 35. Rb1+ Kc5 36. Rxb6 Kxb6 37. Rh7 Ra7 38. h5 Kc5 39. Rh8 Kd4 40. Rd8+ Ke5 41. Rc8 Kf4 42. h6 f6 43. Rxc4+ Kg5 44. Rc6 e5 45. c4 Rh7 46. Rd6 Rxh6 47. c5 Rh2+ 48. Kc3 Rh1 49. Kd2 Rh4 50. Rd3 e4 51. Rc3 Kf4 52. c6 Rh2+ 53. Ke1 Rh8 54. c7 Rc8 55. Ke2 exf3+ 56. Rxf3+ Ke5 57. Rc3 Kd6 58. Kf3 Rxc7 59. Rxc7 Kxc7 60. Kf4 Kd6 61. Kxf5 Ke7 62. Kf4 Ke6 63. Ke4 f5+ 64. Kf3 Ke5 65. Ke3 f4+ 66. Kf2 Kf6 67. Kf3 Kf5 68. Kf2 Kg4 69. Kg2 f3+ 70. Kf2 Kf4 71. Kf1 Kg3 72. Kg1 Kh3 73. Kf2 Kg4 74. Kf1 Kf4 75. Kf2 Ke4 76. Kf1 Ke3 77. Ke1 Kf4 78. Kf2 1/2-1/2

[Event "Pinneberg-ch"]
[Site "Pinneberg"]
[Date "2004.09.02"]
[Round "4"]
[White "Homm, Marc Michael"]
[Black "Basteck, Reiner"]
[Result "1-0"]
[WhiteElo "1889"]
[BlackElo "1784"]
[PlyCount "43"]
[EventDate "2004.08.12"]
[EventType "swiss"]
[EventRounds "7"]
[EventCountry "GER"]
[SourceTitle "EXT 2005"]
[Source "ChessBase"]
[SourceDate "2004.11.15"]
[SourceVersion "1"]
[SourceVersionDate "2004.11.15"]
[SourceQuality "1"]

1. f4 d5 2. b3 Nf6 3. Bb2 c5 4. e3 Nc6 5. Bb5 Qc7 6. Nf3 Bg4 7. 0-0 a6 8. Bxc6+ Qxc6 9. d3 e6 10. Nbd2 0-0-0 11. c4 Kb8 12. Qe1 Bxf3 13. Nxf3 Bd6 14. Ne5 Qc7 15. Rc1 Qe7 16. Qa5 Bc7 17. Qa3 Bd6 18. cxd5 exd5 19. Qa5 Bc7 20. Qxa6 Rd6 21. Qb5 Ra6 22. Qxa6 1-0